Exposición sumaria y crítica de `Sobre la esencia` del Dr. Zubíri / (Record no. 123925)

MARC details
000 -LEADER
campo de control de longitud fija 00502nam a2200145 4500
001 - NÚMERO DE CONTROL
campo de control 123925
003 - IDENTIFICADOR DE NÚMERO DE CONTROL
campo de control ES-MaACL
007 - CAMPO FIJO DE DESCRIPCIÓN FÍSICA--INFORMACIÓN GENERAL
campo de control de longitud fija t|
008 - DATOS DE LONGITUD FIJA--INFORMACIÓN GENERAL
campo de control de longitud fija 070214s1964 sp r ||||1| spa d
100 1# - ENTRADA PRINCIPAL--NOMBRE DE PERSONA
Nombre de persona Ramos Gangoso, Eulogio.
9 (RLIN) 95316
245 10 - MENCIÓN DEL TÍTULO
Título Exposición sumaria y crítica de `Sobre la esencia` del Dr. Zubíri /
Mención de responsabilidad, etc. Eulogio Ramos Gangoso.
260 ## - PUBLICACIÓN, DISTRIBUCIÓN, ETC.
Lugar de publicación, distribución, etc. Santiago de Compostela :
Nombre del editor, distribuidor, etc. [s.n.],
Fecha de publicación, distribución, etc. 1964 (
Fabricante Imp. Lib. y Enc. del Seminario Conciliar)
300 ## - DESCRIPCIÓN FÍSICA
Extensión 69 p. ;
Dimensiones 18 cm.
852 ## - LOCALIZACIÓN
Ubicación ES-MaACL
Número de control de estantería E-2505
Sublocalización o colección R.54630
Holdings
Estatus retirado Estado de pérdida Estado de daño No para préstamo Biblioteca de origen Biblioteca actual Ubicación en estantería Fecha de adquisición Fuente de adquisición Total de préstamos Signatura topográfica completa Código de barras Visto por última vez Precio de reemplazo Tipo de ítem Koha
        Biblioteca del Ateneo de Madrid Biblioteca del Ateneo de Madrid Depósito 2 17/01/2008     E-2505 1129113 23/02/2023 23/02/2023 Libro impreso